000 00588nam a2200205 a 4500
005 20140310183250.0
008 041018s19uu xx 00 eng d
020 _a007137518x
050 _aRC 111
_b.In51265 2003
100 _aSouthwick, Frederick S.
245 _aInfectious diseases in 30 days/.
260 _aU.S.A :
_bMcGraw-Hill Companies, Inc,
_c2003.
300 _a544 p.:
_bill. ;
_c26 cm.
500 _aIncludes bibliography and index.
521 _aNUR
650 _aCommunicable Diseases.
650 _aBacterial Infections.
942 _cBK
_2lcc
_kFOR
999 _c20759
_d20759